000 00949caa a22002417a 4500
999 _c417197
_d417197
001 129357
003 UA-OsUOA
005 20200114115531.0
007 ta
008 20180227b un ||||| |||| 00| 0 ukr d
040 _aUA-OsUOA
_bukr
_cUA-OsUOA
_dUA-OsUOA
041 _aukr
080 _a908
090 _a908
_bС24
100 _aСвітленко С.
245 _aОсобистість і творча спадщина професора М. П. Ковальського в предметному полі теорії історичного пізнання
_cС. Світленко
300 _aС. 22–29
650 7 _a908 Краєзнавство
_2UDC
773 0 _0345813
_9373656
_dОстрог НаУОА 2008
_o120555
_tНаукові записки. Історичні науки
_w(UA-OsUOA) 59736
_z966-7631-62-1
942 _cBKA
_2udc
955 _a1